| 000 | 00489nam a2200181Ia 4500 | ||
|---|---|---|---|
| 008 | 240925s9999 xx 000 0 und d | ||
| 020 | _a9788120350618 | ||
| 082 | _a510 BIS | ||
| 100 | _aBiswal, Purna Chandra | ||
| 245 | 0 | _aDiscrete Mathematics and Graph Theory | |
| 250 | _a4th | ||
| 260 |
_aNew Delhi: _bPHI learning Pvt Ltd _c,2015. |
||
| 300 |
_a469p. _b0 _fOriginal |
||
| 500 | _aIncludes Index | ||
| 600 | _aHumanities & Natural Science | ||
| 650 | _aMathematics | ||
| 942 | _cBK | ||
| 999 |
_c13809 _d13809 |
||